مكتبة جامعة عجلون الوطنية

فهرس بحث المكتبة

اسس بناء القيم الخلقية في مرحلة الطفولة (Record no. 18028)

MARC details
000 -LEADER
fixed length control field 00831nam a2200229Ii 4500
003 - CONTROL NUMBER IDENTIFIER
control field JO-AjNU
008 - FIXED-LENGTH DATA ELEMENTS--GENERAL INFORMATION
fixed length control field 230605s9999||||xx |||||||||||||| ||und||
017 ## - COPYRIGHT OR LEGAL DEPOSIT NUMBER
Copyright or legal deposit number 2002/19222
020 ## - INTERNATIONAL STANDARD BOOK NUMBER
International Standard Book Number 977-01-8294-X
040 ## - CATALOGING SOURCE
Original cataloging agency JO-AjNU
Language of cataloging ara
Description conventions rda
Transcribing agency JO-AjNU
041 ## - LANGUAGE CODE
Language code of text/sound track or separate title ara
050 14 - LIBRARY OF CONGRESS CALL NUMBER
Classification number HQ783.D52 2002
100 3# - MAIN ENTRY--PERSONAL NAME
Personal name الديب، أميره,
Relator term author
9 (RLIN) 35106
245 00 - TITLE STATEMENT
Title اسس بناء القيم الخلقية في مرحلة الطفولة
264 31 - PRODUCTION, PUBLICATION, DISTRIBUTION, MANUFACTURE, AND COPYRIGHT NOTICE
Place of production, publication, distribution, manufacture القاهرة : هيئة الكتاب المصرية، 2002
300 ## - PHYSICAL DESCRIPTION
Extent 312ص
Other physical details يحتوي ببلوغرافية من ص 301-312ص
336 ## - CONTENT TYPE
Content type term text
Content type code txt
Source rdacontent
337 ## - MEDIA TYPE
Media type term unmediated
Media type code n
Source rdamedia
338 ## - CARRIER TYPE
Carrier type term volume
Carrier type code nc
Source rdacarrier
490 0# - SERIES STATEMENT
Series statement سلسلة الاعمال الخاصة
650 #4 - SUBJECT ADDED ENTRY--TOPICAL TERM
Topical term or geographic name entry element التنشئة الاجتماعية - الطفولة
9 (RLIN) 35107
Holdings
Withdrawn status Lost status Source of classification or shelving scheme Damaged status Not for loan Home library Current library Shelving location Date acquired Total Checkouts Full call number Barcode Date last seen Price effective from Koha item type
    Library of Congress Classification     مكتبة جامعة عجلون الوطنية مكتبة جامعة عجلون الوطنية المجموعات العامة 06/06/2023   HQ783.D52 2002 A14460 06/06/2023 06/06/2023 Books